[Event "Belgrade Premier League 2011"]
[Site "Belgrade SRB"]
[Date "2011.10.02"]
[Round "2.4"]
[White "Kostic,Brani"]
[Black "Kalinic,D"]
[Result "1/2-1/2"]
[WhiteElo "2250"]
[BlackElo "2052"]

1.d4 Nf6 2.c4 e6 3.Nf3 b6 4.g3 Ba6 5.b3 Bb4+ 6.Bd2 Be7 7.Bg2 Bb7 8.Nc3 d6
9.O-O O-O 10.Qc2 Nbd7 11.e4 c5 12.d5 e5 13.Ne1 a6 14.a4 Ne8 15.Nd3 Nc7 16.f4 Bf6
17.Rae1 Rb8 18.Nd1 g6 19.Bc3 Bg7 20.fxe5 Nxe5 21.Nxe5 dxe5 22.Bd2 Qd6 23.Be3 a5
24.Rf2 Rbe8 25.Ref1 Bc8 26.Qd2 f6 27.h4 h5 28.Kh2 Re7 29.Bh3 Bxh3 30.Kxh3 Qd7+
31.Kg2 Ne8 32.Nc3 Nd6 33.Bh6 Ref7 34.Bxg7 Kxg7 35.Qe2 Qg4 36.Qxg4 hxg4 37.Re2 Re8
38.Rfe1  1/2-1/2

[Event "FSFMA Oct"]
[Site "Budapest HUN"]
[Date "2011.10.07"]
[Round "7"]
[White "Johansen,Ar"]
[Black "Henrichsen,J"]
[Result "1/2-1/2"]
[WhiteElo "2075"]
[BlackElo "1898"]

1.d4 Nf6 2.Nf3 e6 3.c4 b6 4.g3 Ba6 5.b3 Bb4+ 6.Bd2 Be7 7.Bg2 c6 8.O-O d5
9.Qc2 Nbd7 10.Bg5 O-O 11.Nbd2 Rc8 12.Rfe1 c5 13.cxd5 cxd4 14.Qb2 e5 15.Bxf6 Bxf6
16.Ne4 Nc5 17.Nxf6+ Qxf6 18.Nd2 Rcd8 19.b4 Na4 20.Qa3 b5 21.Ne4 Qb6 22.Nc5 Bb7
23.Nxa4 bxa4 24.e4 dxe3 25.Rxe3 Bxd5 26.Rxe5 Bxg2 27.Kxg2 Rd2 28.Rf1 Rd4
29.Qxa4 Rxb4 30.Qa5 Qc6+ 31.Kg1  1/2-1/2

[Event "20th TCh-CRO 1a"]
[Site "Sibenik CRO"]
[Date "2011.10.12"]
[Round "9.5"]
[White "Markus,Rob"]
[Black "Ramesa,M"]
[Result "1-0"]
[WhiteElo "2635"]
[BlackElo "2221"]

1.d4 Nf6 2.c4 e6 3.Nf3 b6 4.g3 Ba6 5.b3 Bb4+ 6.Bd2 Be7 7.Bg2 c6 8.O-O d5
9.Qc2 Nbd7 10.a4 O-O 11.Rd1 Rc8 12.a5 b5 13.c5 Ne4 14.Be1 f5 15.Nc3 Bf6 16.Na2 Bb7
17.a6 Bxa6 18.Nb4 Bb7 19.Rxa7 Rb8 20.Nd3 Qc8 21.Nfe5 Bxe5 22.dxe5 Ng5 23.h3 Ra8
24.Rxa8 Qxa8 25.Kh2 Qb8 26.Qc1 Nf7 27.f4 Qc7 28.Bf2 Ra8 29.Bf3 Nf8 30.Nb4 Bc8
31.Nc2 Bd7 32.Rg1 Ra2 33.Nd4 Qa5 34.Qb1 Qd2 35.Rd1 Qa5 36.Kg1 Qa3 37.e3 Rb2
38.Qa1 Ra2 39.Qc3 Qa5 40.Qxa5 Rxa5 41.g4 Ra2 42.Be2 g6 43.Bd3 Nd8 44.Bb1 Ra1
45.Kg2 Nb7 46.b4 Ra4 47.Be1 Kf7 48.Kf3 Kg7 49.Bc2 Ra2 50.Ke2 Nd8 51.Bh4 Nf7
52.Bf6+ Kg8 53.Kd2 fxg4 54.hxg4 Nh6 55.Rg1 Kf7 56.Kc3 Ra3+ 57.Bb3 Ng8 58.Bh4 Nh6
59.Kb2 Ra6 60.Bc2 Ra8 61.Bd3 Ke8 62.e4 Nf7 63.exd5 exd5 64.f5 Ra4 65.Kb3 g5
66.Bg3 Nd8 67.Rh1 Nb7 68.Bf2 Nd8 69.Be3 h6 70.e6 Ndxe6 71.fxe6 Nxe6 72.Rxh6 Nxd4+
73.Bxd4 Bxg4 74.Rxc6 Bd1+ 75.Kc3  1-0

[Event "TCh-MNE 1st League"]
[Site "Tivat MNE"]
[Date "2011.10.12"]
[Round "5.2"]
[White "Potpara,N"]
[Black "Podlesnik,B"]
[Result "0-1"]
[WhiteElo "2181"]
[BlackElo "2388"]

1.d4 Nf6 2.c4 e6 3.Nf3 b6 4.g3 Ba6 5.Nbd2 c5 6.e4 cxd4 7.e5 Ng4 8.h3 Nh6
9.Bg2 Nc6 10.O-O Nf5 11.a3 Be7 12.b4 Bb7 13.g4 Nh4 14.Nxh4 Bxh4 15.Ne4 Be7
16.Bf4 O-O 17.g5 Kh8 18.Qh5 Rg8 19.Bg3 Qf8 20.Rad1 Rc8 21.Nd6 Bxd6 22.exd6 Nd8
23.Bxb7 Nxb7 24.Rxd4 f6 25.Rh4 h6 26.gxf6 gxf6 27.Qxh6+ Qxh6 28.Rxh6+ Kg7
29.Rh4 e5 30.f4 Kf7 31.Kh2 e4 32.Rh7+ Rg7 33.Rxg7+ Kxg7 34.f5 Rxc4 35.Re1 Rd4
36.h4 Kh6 37.Bf2 Rd2 38.Kg3 Rd3+ 39.Kg4 Nxd6 40.Be3+ Kg7 41.Bf4 Nf7 42.Rxe4 Rxa3
43.Rd4 d6 44.Kh5 Rf3 45.Kg4 Rb3 46.Kh5 a5 47.bxa5 bxa5 48.Bxd6 Rb5 49.Bf4 Rxf5+
50.Kg4 Rb5 51.Rd7 Kg6 52.h5+ Rxh5 53.Rxf7 f5+ 54.Rxf5 Rxf5 55.Kf3 a4  0-1

[Event "49th ch-IND NatA"]
[Site "Aurangabad IND"]
[Date "2011.10.16"]
[Round "8"]
[White "Sriram,J"]
[Black "Kunte,A"]
[Result "1/2-1/2"]
[WhiteElo "2410"]
[BlackElo "2528"]

1.d4 Nf6 2.c4 e6 3.Nf3 b6 4.g3 Ba6 5.Qa4 Bb7 6.Bg2 c5 7.dxc5 Bxc5 8.O-O O-O
9.Nc3 Be7 10.Rd1 Na6 11.Bf4 Nc5 12.Qc2 Qc8 13.Rac1 Nce4 14.Nd4 Nxc3 15.Qxc3 a6
16.Qb3 Bxg2 17.Kxg2 Qb7+ 18.Qf3 Ne4 19.Nb3 f5 20.Nd2 g5 21.Nxe4 fxe4 22.Qg4 h5
23.Qxh5 gxf4 24.Qg6+ Kh8 25.Qh6+ Kg8 26.Qg6+ Kh8 27.Qh6+ Kg8 28.Qg6+ Kh8  1/2-1/2

[Event "Indonesia Open"]
[Site "Jakarta INA"]
[Date "2011.10.17"]
[Round "6.20"]
[White "Hamdani,R"]
[Black "Barus,C"]
[Result "1/2-1/2"]
[WhiteElo "2296"]
[BlackElo "2438"]

1.Nf3 Nf6 2.d4 e6 3.c4 b6 4.g3 Ba6 5.b3 Bb7 6.Bg2 Bb4+ 7.Bd2 a5 8.O-O O-O
9.Nc3 d6 10.Qc2 Nbd7 11.Nb5 Bxd2 12.Nxd2 Bxg2 13.Kxg2 Qb8 14.a4 c6 15.Nc3 d5
16.Nf3 Re8 17.Rfd1 h6 18.Rac1 Qd6 19.e4 dxe4 20.Nxe4 Nxe4 21.Qxe4 Qc7 22.Rd2 Nf6
23.Qe3 Rac8 24.Rcd1 Ng4 25.Qe2 e5 26.dxe5 Nxe5 27.Nxe5 Rxe5 28.Rd8+ Rxd8
29.Rxd8+ Qxd8 30.Qxe5 c5 31.Qe4 Qd6  1/2-1/2

[Event "1st Central Asia Cup"]
[Site "Tashkent UZB"]
[Date "2011.10.21"]
[Round "4.2"]
[White "Faizulaev,A"]
[Black "Kasimdzhanov,R"]
[Result "0-1"]
[WhiteElo "2325"]
[BlackElo "2678"]

1.Nf3 Nf6 2.c4 e6 3.d4 b6 4.g3 Ba6 5.Qc2 b5 6.cxb5 Bxb5 7.Nc3 Bb4 8.Bg2 Bc6
9.O-O h6 10.a3 Bxc3 11.Qxc3 a5 12.Bf4 O-O 13.Ne5 Bxg2 14.Kxg2 Nd5 15.Qf3 d6
16.Nd3 Nc6 17.Be3 Qd7 18.Rac1 f5 19.h4 Rab8 20.Rc4 a4 21.Bd2 Rb3 22.Rfc1 Nce7
23.Kh2 Rc8 24.Qh1 Qb5 25.Qd1 Kh8 26.R1c2 Rb8 27.Kg1 Qe8 28.Ba5 f4 29.Bxc7 Nxc7
30.Rxc7 fxg3 31.fxg3 Nd5 32.Qc1 Nxc7 33.Rxc7 Qg6 34.Qf4 Rxd3 35.exd3 Qxd3  0-1

[Event "World Youth U16 Ol"]
[Site "Kocaeli TUR"]
[Date "2011.10.24"]
[Round "1.18"]
[White "Javanbakht,N"]
[Black "Murdochy,Shivan"]
[Result "1-0"]
[WhiteElo "2311"]
[BlackElo "1866"]

1.d4 Nf6 2.c4 e6 3.Nf3 b6 4.g3 Ba6 5.b3 Bb4+ 6.Bd2 Be7 7.Nc3 O-O 8.Bg2 c6
9.O-O d5 10.cxd5 cxd5 11.Rc1 Nbd7 12.a4 Bb7 13.Bf4 a6 14.Qd3 Ne4 15.Ne5 Nxe5
16.Bxe5 Nd6 17.e4 dxe4 18.Nxe4 Bxe4 19.Bxe4 Nxe4 20.Qxe4 Bd6 21.Rc6 Bxe5
22.dxe5 Rc8 23.Rd6 Qc7 24.Qe3 b5 25.Rxa6 bxa4 26.Rxa4 Rfd8 27.Rc4 Qd7 28.Rfc1 h6
29.Rxc8 Rxc8 30.Rxc8+ Qxc8 31.b4 Qd7 32.Qc5 Qd1+ 33.Kg2 Qg4 34.Qc8+ Kh7 35.Qc2+ Kg8
36.f4 f6 37.b5 fxe5 38.b6 exf4 39.b7 f3+ 40.Kf1  1-0

[Event "1st Panama Open"]
[Site "Panama City PAN"]
[Date "2011.11.03"]
[Round "2.5"]
[White "Cu Hor,W"]
[Black "Ortiz Suarez,I"]
[Result "0-1"]
[WhiteElo "2215"]
[BlackElo "2553"]

1.d4 Nf6 2.Nf3 e6 3.c4 b6 4.g3 Ba6 5.Qa4 Bb7 6.Bg2 c5 7.dxc5 Bxc5 8.O-O Be7
9.Nc3 Na6 10.Be3 O-O 11.Rfd1 Qc8 12.Rac1 Nc5 13.Qc2 Nce4 14.Nd4 Nxc3 15.Qxc3 Bxg2
16.Kxg2 Qb7+ 17.Nf3 Rac8 18.Qb3 h6 19.Rc2 Rc7 20.Kg1 Rfc8 21.Rdc1 Qe4 22.Nd2 Qf5
23.Qd3 Qh3 24.Nf1 Ng4 25.a3 h5 26.b4 h4 27.c5 hxg3 28.fxg3 Nxe3 29.Qxe3 bxc5
30.bxc5 Qf5 31.Qf3 Qxf3 32.exf3 Rxc5 33.Rxc5 Rxc5 34.Rd1 d5 35.Nd2 Ra5 36.Ra1 Rxa3
37.Rxa3 Bxa3 38.Nb3 Bb4 39.Kf1 a5 40.Ke2 a4 41.Nc1 e5 42.Kd3 f5 43.Na2 Ba5  0-1

[Event "1st Panama Open"]
[Site "Panama City PAN"]
[Date "2011.11.06"]
[Round "8.3"]
[White "Arencibia Rodriguez,W"]
[Black "Corrales Jimenez,F"]
[Result "1/2-1/2"]
[WhiteElo "2511"]
[BlackElo "2578"]

1.d4 Nf6 2.c4 e6 3.Nf3 b6 4.g3 Ba6 5.Qa4 Bb7 6.Bg2 c5 7.dxc5 bxc5 8.O-O Be7
9.Nc3 O-O 10.Rd1 Qb6 11.Bf4 Rd8 12.Rd2 d6 13.Rad1 h6 14.Qb3 Ne8 15.Qxb6 axb6
16.g4 Nc6 17.b3 Na7 18.Ne1 Bxg2 19.Kxg2 Rab8 20.Nd3 b5 21.a4 bxc4 22.bxc4 Nc6
23.Nb5 Ra8 24.Nb2 Bf6 25.Nxd6 Nxd6 26.Bxd6 Bxb2 27.Rxb2 Na5 28.Rbb1 Nxc4
29.Bxc5 Rdc8 30.Bb4 Rxa4 31.h3 Ra2 32.Kf1 Rc2 33.Be1 Rc7 34.Rb3 Kh7 35.Rc3 Rxc3
36.Bxc3 Ne3+ 37.fxe3 Rxc3 38.Kf2 Kg6 39.Kf3 h5 40.Rg1 hxg4+ 41.Rxg4+ Kf6
42.h4 Rc5 43.e4 g6 44.Rg1 Rc3+ 45.e3 Rc5 46.Kf4 Rh5 47.Rg4 Ke7 48.e5 Kf8
49.Ke4 Kg7 50.Rf4 Rh8 51.Kf3 Rb8 52.Rg4 Rb5 53.Re4 Rb1 54.Kg4 Rg1+ 55.Kh3 Rf1
56.Kg2 Rf5 57.Kg3 Kf8 58.Kh3 Ke8 59.Kg4 Ke7 60.Kg3 Kf8 61.Kh3 Kg7 62.Kg3 Kh6
63.Kg4 Rh5 64.Kg3  1/2-1/2

[Event "TCh-HUN 2011-12"]
[Site "Mako HUN"]
[Date "2011.11.13"]
[Round "3"]
[White "Nagy,Danie"]
[Black "Izso,D"]
[Result "1-0"]
[WhiteElo "2241"]
[BlackElo "2324"]

1.d4 Nf6 2.Nf3 e6 3.c4 b6 4.g3 Ba6 5.b3 Bb4+ 6.Bd2 Be7 7.Bg2 c6 8.Bc3 d5
9.Ne5 Nfd7 10.Nxd7 Nxd7 11.Nd2 Rc8 12.O-O O-O 13.Bb2 f5 14.Rc1 Bd6 15.a3 Qe7
16.b4 b5 17.c5 Bc7 18.f4 h6 19.Ra1 g5 20.e3 g4 21.Rf2 Nf6 22.a4 Bd8 23.Bf1 Rb8
24.Bd3 Rf7 25.Bc3 h5 26.axb5 Bxb5 27.Bxb5 Rxb5 28.Ra6 Qb7 29.Qa4 h4 30.Rf1 Rh7
31.Ra1 hxg3 32.hxg3 Qg7 33.Rxa7 Be7 34.Qa6 Rb8 35.Qf1 Kf7 36.Qg2 Rbh8 37.b5 Kg6
38.bxc6 Rh3 39.Ra8 R8h5 40.c7 Qh7 41.c8=Q Rh2 42.Nf1 Rxg2+ 43.Kxg2 Rh1 44.Qxe6 Qh3+
45.Kf2 Rxf1+ 46.Rxf1 Qh2+ 47.Ke1 Qxg3+ 48.Ke2 Qh2+ 49.Rf2 Qh5 50.Rg8+ Kh7
51.Rg5  1-0

[Event "TCh-HUN 2011-12"]
[Site "Szombathely HUN"]
[Date "2011.11.13"]
[Round "3"]
[White "Goczo,M"]
[Black "Nemeth,Mi1"]
[Result "1/2-1/2"]
[WhiteElo "2204"]
[BlackElo "2438"]

1.d4 Nf6 2.c4 e6 3.Nf3 b6 4.g3 Ba6 5.b3 Bb4+ 6.Bd2 Be7 7.Bg2 c6 8.O-O d5
9.Ne5 Nfd7 10.Nxd7 Nxd7 11.Bc3 O-O 12.Nd2 Rb8 13.Re1 f5 14.b4 Nf6 15.Qa4 Bxc4
16.Qxc6 Qc8 17.Qa4 Bb5 18.Qb3 Bd6 19.a4 Bd7  1/2-1/2

[Event "WYCC U14 Open"]
[Site "Caldas Novas BRA"]
[Date "2011.11.18"]
[Round "1"]
[White "Pamatmat,J"]
[Black "Yang,ching Wei,Austin"]
[Result "1-0"]
[WhiteElo "2132"]
[BlackElo "1715"]

1.d4 Nf6 2.c4 e6 3.Nf3 b6 4.g3 Ba6 5.Qb3 d5 6.Nbd2 Bd6 7.Bg2 O-O 8.O-O Nbd7
9.Re1 c5 10.cxd5 exd5 11.e4 dxe4 12.Nxe4 Nxe4 13.Rxe4 cxd4 14.Rxd4 Bc5 15.Rd1 Qe8
16.Qa4 Bxf2+ 17.Kxf2 Qe2+ 18.Kg1 Nc5 19.Qd4 Ne6 20.Qd2 Qb5 21.Nd4 Qc5 22.b4 Qxd4+
23.Qxd4 Nxd4 24.Rxd4 Rac8 25.Bf4 Rfe8 26.Rd7 h6 27.Rxa7 Bb5 28.a4 Bc4 29.Rc7  1-0

[Event "3rd Pilsen Open"]
[Site "Plzen CZE"]
[Date "2011.11.19"]
[Round "1"]
[White "Prachar,J"]
[Black "Blecha,Mir"]
[Result "0-1"]
[WhiteElo "1889"]
[BlackElo "2235"]

1.d4 Nf6 2.c4 e6 3.Nf3 b6 4.g3 Ba6 5.Qa4 Be7 6.Bg2 Bb7 7.O-O O-O 8.Nc3 d6
9.Rd1 Nbd7 10.Qc2 c5 11.d5 exd5 12.cxd5 a6 13.e4 Re8 14.b3 b5 15.Bb2 b4 16.Na4 Bf8
17.Re1 a5 18.Nd2 Ba6 19.Bf1 Bxf1 20.Kxf1 Qc7 21.f4 Nb6 22.Nxb6 Qxb6 23.Nc4 Qa6
24.Kg2 a4 25.Rad1 Nd7 26.e5 dxe5 27.fxe5 Nb6 28.e6 fxe6 29.Nxb6 Qxb6 30.Qe4 axb3
31.dxe6 Rxa2 32.Qe5 c4 33.Kh3 c3 34.Qd5 Rxb2 35.e7+ Kh8 36.exf8=Q+ Rxf8 37.Rf1 Qh6+
38.Kg4 Qg6+ 39.Kh3 Re8 40.Qc5 Qe6+ 41.g4 Qh6+  0-1

[Event "25th Belgrade Trophy"]
[Site "Obrenovac SRB"]
[Date "2011.11.26"]
[Round "3.20"]
[White "Vasovski,N"]
[Black "Radlovacki,J"]
[Result "0-1"]
[WhiteElo "2299"]
[BlackElo "2429"]

1.d4 Nf6 2.c4 e6 3.Nf3 b6 4.g3 Ba6 5.Qa4 Bb7 6.Bg2 Na6 7.Nc3 Bb4 8.Bd2 c5
9.d5 exd5 10.cxd5 O-O 11.O-O Re8 12.Nh4 d6 13.e4 Nc7 14.a3 b5 15.Qc2 Ba5
16.Nf5 Bc8 17.Bg5 h6 18.Bh4 Bxf5 19.exf5 Bxc3 20.bxc3 Qd7 21.Bxf6 gxf6 22.Rfe1 Rxe1+
23.Rxe1 Re8 24.Re4 Rxe4 25.Qxe4 Kg7 26.Qg4+ Kh7 27.h4 Qe7 28.Qh5 a5 29.Kh2 Na6
30.Bf1 c4 31.f4 Nc5 32.g4 Kg7 33.g5 fxg5 34.hxg5 hxg5 35.fxg5 Qe5+ 36.Kg1 Qxf5
37.Qh6+ Kg8 38.Qxd6 Qg4+ 39.Bg2 Nd3 40.Qb8+ Kg7 41.d6 Nf4 42.Qa8 Nxg2  0-1

[Event "25th Belgrade Trophy"]
[Site "Obrenovac SRB"]
[Date "2011.11.29"]
[Round "6.8"]
[White "Indjic,A"]
[Black "Savic,Miod1"]
[Result "1/2-1/2"]
[WhiteElo "2411"]
[BlackElo "2523"]

1.d4 Nf6 2.c4 e6 3.Nf3 b6 4.g3 Ba6 5.Qa4 c6 6.Nc3 Be7 7.Bg2 O-O 8.O-O d5
9.cxd5 cxd5 10.Bf4 Qd7 11.Qc2 Rc8 12.Rfd1 Nc6 13.Rac1 Qe8 14.Qb1 b5 15.a3 b4
16.axb4 Bxb4 17.Qa2 Na5 18.Ne5 Bc4 19.Nxc4 Rxc4 20.Bg5 Rac8 21.Ra1 Nc6 22.Bxf6 Bxc3
23.bxc3 gxf6 24.e4 Rxc3 25.exd5 Nb4 26.Qa5 Nc2 27.Rab1 Qd8 28.Qxa7 exd5 29.Rb5 Qe8
30.Rb7 Qe2 31.Rf1 Ra3 32.Qb6 Qe6 33.Qb5 Nxd4 34.Qxd5 Qxd5 35.Bxd5 Rf8 36.Rd1 Nf3+
37.Kg2 Ne5 38.Bb3 Raa8 39.f4 Ng4 40.Rdd7 Nh6 41.Kf3 f5 42.h3 Rfc8 43.Rd3 Ra1
44.g4 fxg4+ 45.hxg4 Rf1+ 46.Kg3 Rg1+ 47.Kh3 Nxg4 48.Rxf7 Kh8 49.Rdd7 Rc3+
50.Kh4 Nf6 51.Rf8+ Ng8 52.Be6 Rcg3 53.Rff7  1/2-1/2

[Event "25th Belgrade Trophy"]
[Site "Obrenovac SRB"]
[Date "2011.11.30"]
[Round "7.5"]
[White "Blagojevic,Dr"]
[Black "Radlovacki,J"]
[Result "1/2-1/2"]
[WhiteElo "2514"]
[BlackElo "2429"]

1.d4 Nf6 2.c4 e6 3.Nf3 b6 4.g3 Ba6 5.b3 Bb4+ 6.Bd2 Be7 7.Bg2 c6 8.O-O d5
9.Qc2 O-O 10.Rd1 Nbd7 11.a4 c5 12.Na3 Bb7 13.Qb2 Ne4 14.Be1 f5 15.e3 Rb8
16.Nb5 a6 17.Nc3 Qc7 18.Rac1 Ndf6 19.Ne2  1/2-1/2

[Event "CCSCSL Invitational"]
[Site "Saint Louis USA"]
[Date "2011.11.30"]
[Round "2.4"]
[White "Amanov,M"]
[Black "Rensch,D"]
[Result "1-0"]
[WhiteElo "2524"]
[BlackElo "2416"]

1.d4 Nf6 2.c4 e6 3.Nf3 b6 4.g3 Ba6 5.Qa4 Be7 6.Bg2 c6 7.Nc3 O-O 8.O-O d5
9.cxd5 cxd5 10.Ne5 Nfd7 11.Rd1 Nxe5 12.dxe5 Qd7 13.Qg4 Rd8 14.Bh6 Bf8 15.Bg5 Be7
16.Bf6 Bxf6 17.exf6 g6 18.Nxd5 exd5 19.Rxd5 Qxd5 20.Bxd5 Rxd5 21.Qe4  1-0

[Event "80th Anniversary Mollet GM"]
[Site "Mollet del Valles ESP"]
[Date "2011.12.03"]
[Round "3"]
[White "Cruz,Jon"]
[Black "Cruz,F"]
[Result "1/2-1/2"]
[WhiteElo "2386"]
[BlackElo "2442"]

1.d4 Nf6 2.Nf3 e6 3.c4 b6 4.g3 Ba6 5.b3 c6 6.Bg2 d5 7.O-O Nbd7 8.Nbd2 Be7
9.Bb2 O-O 10.Re1 Rc8  1/2-1/2

[Event "TCh-BEL 2011-12"]
[Site "Belgium BEL"]
[Date "2011.12.04"]
[Round "5.3"]
[White "Docx,S"]
[Black "Brunner,N"]
[Result "1-0"]
[WhiteElo "2328"]
[BlackElo "2466"]

1.d4 Nf6 2.c4 e6 3.Nf3 b6 4.g3 Ba6 5.Qc2 Bb7 6.Bg2 c5 7.d5 exd5 8.cxd5 d6
9.O-O g6 10.Nc3 Bg7 11.e4 O-O 12.Re1 Nbd7 13.Bf4 Ne8 14.Rad1 a6 15.a4 Qb8
16.Nd2 Bc8 17.Qb3 Qc7 18.Nc4 Rb8 19.e5 dxe5 20.d6 Qd8 21.Nxe5 Nxe5 22.Bxe5 Be6
23.Bd5 Bxe5 24.Rxe5 Ng7 25.Ne4 Kh8 26.Qc3 Qd7 27.Bxe6 fxe6 28.a5 Qa4 29.b3 Qxa5
30.Qb2 Kg8 31.d7 Rbd8 32.Rg5 Qb5 33.Nf6+ Rxf6 34.Qxf6 Rxd7 35.Rxd7 Qxd7 36.Re5 Qd1+
37.Kg2 Qxb3 38.Qd8+ Kf7 39.Qc7+ Kg8 40.Qc8+ Kf7 41.Re3 Qc4 42.Qd7+ Kg8 43.Qd8+ Kf7
44.Qxb6 Qd4 45.Qxa6 h5 46.h3 Qd5+ 47.Rf3+ Kg8 48.Qc8+ Kh7 49.Qc7 c4 50.g4 h4
51.Qf7 g5 52.Qf6 Kg8 53.Qg6 Kh8 54.Qc2 Kg8 55.Qe2 Kh7 56.Kg1 Qd4 57.Rf7 Kg8
58.Rc7 c3 59.Qf3 Qe5 60.Rc8+ Kh7 61.Qd3+  1-0

[Event "2nd JAHV McGregor Open"]
[Site "Bogota COL"]
[Date "2011.12.06"]
[Round "2"]
[White "Velandia,Oscar Ricardo"]
[Black "Baules,J"]
[Result "1/2-1/2"]
[WhiteElo "1847"]
[BlackElo "2380"]

1.d4 Nf6 2.c4 e6 3.Nf3 b6 4.g3 Ba6 5.b3 Bb4+ 6.Bd2 Be7 7.Bg2 c5 8.e3 O-O
9.O-O d5 10.Ne5 Bb7 11.Nc3 Nfd7 12.Nxd7 Qxd7 13.cxd5 exd5 14.Qh5 Rd8 15.Rfd1 Bf6
16.Ne2 Ba6 17.Nf4 Nc6 18.Bc3 Bb7 19.Rac1 g6 20.Qf3 Ne7 21.h4 cxd4 22.Bxd4 Bxd4
23.Rxd4 Rac8 24.Rcd1 Rc2 25.R4d2 Qc7 26.Rxc2 Qxc2 27.Qe2 Rc8 28.Qd2 Rc5 29.b4 Rc4
30.a3 Qxd2 31.Rxd2 Rc3 32.Rd3 Rc1+ 33.Kh2 Rc2 34.Kg1 Rc1+ 35.Kh2  1/2-1/2

[Event "2nd JAHV McGregor Open"]
[Site "Bogota COL"]
[Date "2011.12.10"]
[Round "8"]
[White "Rodriguez Rueda,P"]
[Black "Perez Olarte,C"]
[Result "1-0"]
[WhiteElo "2145"]
[BlackElo "2246"]

1.d4 Nf6 2.c4 e6 3.Nf3 b6 4.g3 Ba6 5.b3 Bb4+ 6.Bd2 Be7 7.Bg2 c6 8.O-O d5
9.Ne5 Nfd7 10.Nxd7 Nxd7 11.Bc3 f5 12.Nd2 O-O 13.Qc2 Bd6 14.Rfe1 Nf6 15.Bb2 Rc8
16.Rad1 Qe7 17.a3 Ne4 18.Nxe4 dxe4 19.f3 f4 20.gxf4 exf3 21.exf3 Rxf4 22.Bh3 Rcf8
23.Bxe6+ Kh8 24.Bg4 Qg5 25.Bc1 h5 26.Bxf4 Bxf4 27.h4 Qxh4 28.Bd7 Rd8 29.Qg6 Qh2+
30.Kf1 Qh1+ 31.Ke2 Qh4 32.Kd3 Qg5 33.Qxg5 Bxg5 34.Re8+ Rxe8 35.Bxe8 h4 36.Bxc6 Bc8
37.Re1 Bf5+ 38.Be4 Bd7 39.c5 Bb5+ 40.Kc3 h3 41.c6 h2 42.c7  1-0

[Event "FIDE Women's World Teams"]
[Site "Mardin TUR"]
[Date "2011.12.25"]
[Round "7"]
[White "Zhukova,N"]
[Black "Kursova,M"]
[Result "1/2-1/2"]
[WhiteElo "2427"]
[BlackElo "2315"]

1.d4 Nf6 2.c4 e6 3.Nf3 b6 4.g3 Ba6 5.Qc2 Bb7 6.Bg2 c5 7.d5 exd5 8.cxd5 Nxd5
9.O-O Be7 10.Rd1 Nc6 11.Qf5 Nf6 12.e4 g6 13.Qf4 O-O 14.e5 Nh5 15.Qg4 d5 16.exd6 Bxd6
17.Bg5 Qb8 18.Qd7 Bc7 19.Nc3 Bd8 20.Bh6 Nf6 21.Qd2 Re8 22.Re1 Rxe1+ 23.Rxe1 Be7
24.Bg5 Qd8 25.Rxe7 Qxe7 26.Nd5 Nxd5 27.Bxe7 Ncxe7 28.Ne5 h5 29.a3 Rd8 30.Be4 Kg7
31.b4 f6 32.Nc4 cxb4 33.axb4 Bc6 34.Ne3 Rd7 35.Nxd5 Bxd5 36.Bxd5 Rxd5 37.Qe2  1/2-1/2

[Event "ch-AUS 2011-12"]
[Site "North Geelong AUS"]
[Date "2011.12.28"]
[Round "2.1"]
[White "Zhao Zong Yuan"]
[Black "Ikeda,J"]
[Result "1-0"]
[WhiteElo "2564"]
[BlackElo "2349"]

1.d4 Nf6 2.c4 e6 3.Nf3 b6 4.g3 Ba6 5.Qc2 Bb7 6.Bg2 Bb4+ 7.Bd2 a5 8.O-O O-O
9.Bg5 Be7 10.Nc3 d5 11.Ne5 h6 12.Bf4 c6 13.Rad1 dxc4 14.e4 b5 15.a4 b4 16.Ne2 Nbd7
17.Nxc4 Nb6 18.Ne5 Rc8 19.Nd3 Nfd7 20.Nc5 Nxc5 21.dxc5 Nd7 22.Bd6 Ba6 23.Rfe1 Bxd6
24.Rxd6 Qc7 25.Nd4 Ne5 26.f4 Nc4 27.e5 Qa7 28.b3 Nxd6 29.exd6 Rfd8 30.Rd1 Qd7
31.Qe4 Bb7 32.Bf1 Ba8 33.Bd3 g6 34.h4 h5 35.Nf3 Qa7 36.Qe5 f6 37.Qxe6+ Kg7
38.Kg2 Rf8 39.Qe4 f5 40.Qd4+ Kh6 41.Ne5 Qg7 42.Bc4 Rcd8 43.Kh3 Bb7 44.Be6 Rde8
45.d7 Rd8 46.Qc4 Qe7 47.Bf7  1-0

[Event "Cracovia Open A"]
[Site "Krakow POL"]
[Date "2012.01.02"]
[Round "6.8"]
[White "Hnydiuk,A"]
[Black "Gajek,R"]
[Result "1-0"]
[WhiteElo "2431"]
[BlackElo "2178"]

1.d4 Nf6 2.c4 e6 3.Nf3 b6 4.g3 Ba6 5.Qa4 Be7 6.Bg2 Bb7 7.O-O c5 8.dxc5 bxc5
9.Nc3 Bc6 10.Qc2 O-O 11.Rd1 Qc8 12.Bf4 Rd8 13.Rab1 d6 14.a3 e5 15.Bg5 Nbd7
16.Nh4 Bxg2 17.Nxg2 Nb6 18.Ne3 Qb7 19.Nf5 h6 20.Bxf6 Bxf6 21.Nxd6 Qc6 22.Nce4 Be7
23.Nf5 Bf8 24.b3 Qg6 25.Ne3 Rd4 26.Nc3 Qc6 27.Ned5 g6 28.e3 Rxd1+ 29.Rxd1 Re8
30.Nxb6 Qxb6 31.Rd7  1-0

[Event "24th Staufer-Open"]
[Site "Schwaebisch Gmuend GER"]
[Date "2012.01.03"]
[Round "4"]
[White "Jung,R"]
[Black "Jurek,J"]
[Result "0-1"]
[WhiteElo "2064"]
[BlackElo "2350"]

1.d4 Nf6 2.c4 e6 3.Nf3 b6 4.g3 Ba6 5.Qa4 Bb7 6.Bg2 c5 7.dxc5 bxc5 8.Nc3 Be7
9.O-O O-O 10.Rd1 d6 11.Bf4 Qb6 12.Rab1 Rd8 13.b4 Ne4 14.Qc2 Nxc3 15.Qxc3 Be4
16.bxc5 Qxc5 17.Rb5 Qc7 18.Ng5 Bxg2 19.Kxg2 Nd7 20.Qd3 Nf6 21.Rdb1 h6 22.Nf3 Qc6
23.Kg1 e5 24.Rb7 Bf8 25.Rxf7 Kxf7 26.Bxe5 Qe4  0-1

[Event "24th Staufer-Open"]
[Site "Schwaebisch Gmuend GER"]
[Date "2012.01.04"]
[Round "6"]
[White "Ikonnikov,Vy"]
[Black "Sokratov,S"]
[Result "1/2-1/2"]
[WhiteElo "2531"]
[BlackElo "2208"]

1.d4 Nf6 2.Nf3 e6 3.c4 b6 4.g3 Ba6 5.b3 Bb4+ 6.Bd2 Be7 7.Nc3 O-O 8.e4 d5
9.cxd5 Bxf1 10.Kxf1 exd5 11.e5 Ne4 12.Qe2 Nxd2+ 13.Qxd2 Qd7 14.h4 Nc6 15.Kg2 Nd8
16.Qd3 Ne6 17.Ng5 g6 18.f4 Ng7 19.Rad1 Rfd8 20.Nf3 c5 21.dxc5 d4 22.Qxd4 Qg4
23.Nh2 Qxg3+ 24.Kxg3 Nf5+ 25.Kg2 Nxd4 26.cxb6 axb6 27.Nf3 Nf5 28.Kh3 Ne3
29.Rxd8+ Rxd8 30.Ne4 Rd3 31.Kg3 Nf5+ 32.Kf2 h5 33.Nfg5 Rd4 34.Kf3 Rd3+ 35.Ke2 Rd4
36.Rc1 Nxh4 37.Nf6+ Kg7 38.Ne8+ Kf8 39.Nf6 Kg7 40.Ne8+ Kf8 41.Nf6 Kg7  1/2-1/2

[Event "ch-AUS 2011-12"]
[Site "North Geelong AUS"]
[Date "2012.01.06"]
[Round "9.3"]
[White "Smirnov,Vl1"]
[Black "Ikeda,J"]
[Result "1-0"]
[WhiteElo "2401"]
[BlackElo "2349"]

1.d4 Nf6 2.Nf3 e6 3.c4 b6 4.g3 Ba6 5.b3 d5 6.Bg2 Bb4+ 7.Bd2 Be7 8.O-O c6
9.Ne5 Nfd7 10.Nxd7 Nxd7 11.Qc2 Rc8 12.e4 c5 13.exd5 cxd4 14.Re1 O-O 15.a4 exd5
16.Bxd5 Nf6 17.Bf3 h6 18.Na3 d3 19.Qb2 Qd7 20.Nb5 Bb7 21.Rxe7 Qxe7 22.Re1 Qd7
23.Bxb7 Qxb7 24.Nd6 Qd7 25.Nxc8 Rxc8 26.Bc3 Re8 27.f3 Rxe1+ 28.Bxe1 Qf5 29.Kg2 Qe6
30.Bc3 Ne8 31.Qd2 Qg6 32.Qe3 Nd6 33.Kf2 Qh5 34.h4 Qg6 35.Qd4 h5 36.Qd5 Nf5
37.Be5 Nh6 38.Bf4 Kh7 39.Qd6 f6 40.Qd5 Ng8 41.Qe4 f5 42.Qxd3 Ne7 43.Qd6 Qf7
44.Qc7 Qf6 45.Be5 Qh6 46.f4 Qe6 47.Qxa7  1-0

[Event "Andranik Margaryan Memorial 2012"]
[Site "Yerevan ARM"]
[Date "2012.01.11"]
[Round "5"]
[White "Hayrapetian,O"]
[Black "Bagaturov,G"]
[Result "1-0"]
[WhiteElo "2406"]
[BlackElo "2449"]

1.d4 Nf6 2.c4 e6 3.Nf3 b6 4.g3 Ba6 5.b3 Bb4+ 6.Bd2 Be7 7.Bg2 Bb7 8.O-O O-O
9.Nc3 d5 10.Ne5 Na6 11.cxd5 exd5 12.Bf4 Qc8 13.a3 c6 14.b4 Nc7 15.Rc1 Rd8
16.Qb3 Ne6 17.Bh3 Nh5 18.Be3 Qb8 19.f4 Nf6 20.Bf2 Qd6 21.Rfd1 a5 22.bxa5 b5
23.a4 b4 24.Na2 Ne4 25.Bxe6 fxe6 26.Rc2 Rxa5 27.Rdc1 Nxf2 28.Kxf2 Rda8 29.Nxc6 Rxa4
30.Nxe7+ Qxe7 31.Rc7 Qf6 32.Rxb7 R4a7 33.Qxb4 Ra4 34.Rb8+ Rxb8 35.Qxb8+ Kf7
36.Rc7+  1-0

[Event "20th Fajr Open"]
[Site "Tabriz IRI"]
[Date "2012.01.13"]
[Round "3.3"]
[White "Morchiashvili,B"]
[Black "Ibrahimov,R"]
[Result "0-1"]
[WhiteElo "2372"]
[BlackElo "2550"]

1.d4 Nf6 2.c4 e6 3.Nf3 b6 4.g3 Ba6 5.Qc2 Bb4+ 6.Nbd2 O-O 7.e4 d5 8.cxd5 Bxf1
9.Kxf1 exd5 10.e5 Nfd7 11.Kg2 Be7 12.h4 Re8 13.Ng5 Nf8 14.Ndf3 c5 15.dxc5 bxc5
16.Rd1 Qd7 17.Be3 Na6 18.Rac1 Qb7 19.Qf5 Bxg5 20.hxg5 d4 21.Bf4 Qxb2 22.Rh1 Qxa2
23.Rxh7 Nxh7 24.Rh1 Nf8 25.g6 fxg6 26.Qh3 Qd5 27.g4 Nc7 28.Kg3 Nce6 29.Bh6 gxh6
30.Qxh6 Re7 31.Rg1  0-1

[Event "TCh-SVK Extraliga 2011-12"]
[Site "Slovakia SVK"]
[Date "2012.01.14"]
[Round "5"]
[White "Plachetka,J"]
[Black "Rigo,Z"]
[Result "1-0"]
[WhiteElo "2388"]
[BlackElo "2384"]

1.d4 Nf6 2.Nf3 e6 3.c4 b6 4.g3 Ba6 5.b3 Bb4+ 6.Bd2 Be7 7.Bg2 d5 8.Qc2 O-O
9.O-O Bb7 10.Bf4 Na6 11.Nc3 c5 12.Rfd1 Nc7 13.dxc5 bxc5 14.e4 d4 15.e5 Nd7
16.Ne4 f5 17.exf6 gxf6 18.Bh6 Rf7 19.b4 e5 20.bxc5 Bxc5 21.Nh4 Rb8 22.Nf5 Bxe4
23.Qxe4 Bf8 24.Rab1 Nc5 25.Rxb8 Qxb8 26.Rb1 Qe8 27.Qc6 Qxc6 28.Bxc6 N5a6
29.Bd2 h5 30.h4 Kh7 31.Ba5 Nc5 32.f3 Kg6 33.g4 d3 34.Kf2 N7e6 35.Be8 Nf4
36.Ng3 hxg4 37.fxg4 Kg7 38.Nf5+ Kg8 39.Bxf7+ Kxf7 40.Bd2 Ne2 41.Ke3 Nf4 42.Rb8 Nd7
43.Rb7 Ke6 44.Kf3 Nb6 45.Ke4 Nxc4 46.Bxf4 exf4 47.Kxd3 Ne5+ 48.Ke4 f3 49.Nd4+ Kd6
50.Nxf3 Nxg4 51.Rxa7  1-0

[Event "TCh-SVK Extraliga 2011-12"]
[Site "Slovakia SVK"]
[Date "2012.01.15"]
[Round "6"]
[White "Pacher,M"]
[Black "Petrik,T"]
[Result "1/2-1/2"]
[WhiteElo "2403"]
[BlackElo "2522"]

1.d4 e6 2.c4 Nf6 3.Nf3 b6 4.g3 Ba6 5.Qc2 Bb4+ 6.Bd2 Be7 7.e4 d5 8.cxd5 Bxf1
9.Kxf1 exd5 10.e5 Ne4 11.Nc3 Nxc3 12.bxc3 Qd7 13.Kg2 Nc6 14.c4 Rd8 15.Rhd1 O-O
16.Be1 Nb8 17.cxd5 Rc8 18.Qe4 Rfd8 19.e6 Qxd5 20.exf7+ Qxf7 21.d5 Nd7 22.Bc3 Nf6
23.Bxf6 Bxf6 24.Rac1 Rd6 25.Rc6 Rcd8 26.Qa4 Rxd5 27.Rxd5 Qxd5 28.Rxc7 a5
29.h4 h6 30.Rc6 b5 31.Qc2 Qd3 32.Qc5 Qd5 33.Qc2 Qd3 34.Qc5 Qd5 35.Qc2  1/2-1/2